[Event "Girls U20 Polish Youth Championship"]
[Site "Ustron"]
[Date "2019.11.24"]
[Round "2"]
[White "Hertlein, Irena"]
[Black "Czernikowska, Laura"]
[Result "1-0"]
[Board "9"]
[WhiteElo "1771"]
[WhiteCountry "POL"]
[WhiteFideId "21817618"]
[WhiteEloChange "2"]
[BlackElo "1349"]
[BlackTitle "WCM"]
[BlackCountry "POL"]
[BlackFideId "21805970"]
[BlackEloChange "-2"]

1. Nf3 {[%clk 1:30:46]} c5 {[%clk 1:30:49]} 2. c4 {[%clk 1:30:45]} e6 {[%clk
1:29:42]} 3. g3 {[%clk 1:30:12]} Nc6 {[%clk 1:28:05]} 4. Bg2 {[%clk 1:28:41]} Nf6
{[%clk 1:23:42]} 5. Nc3 {[%clk 1:26:09]} d5 {[%clk 1:17:07]} 6. cxd5 {[%clk
1:25:26]} Nxd5 {[%clk 1:14:27]} 7. O-O {[%clk 1:18:37]} Be7 {[%clk 1:04:23]} 8.
Nxd5 {[%clk 1:17:09]} exd5 {[%clk 1:03:02]} 9. d4 {[%clk 1:17:14]} Be6 {[%clk
0:49:46]} 10. dxc5 {[%clk 1:06:04]} Bxc5 {[%clk 0:48:04]} 11. Ng5 {[%clk
0:57:50]} Be7 {[%clk 0:35:03]} 12. Nxe6 {[%clk 0:50:53]} fxe6 {[%clk 0:35:25]}
13. e4 {[%clk 0:46:03]} dxe4 {[%clk 0:25:33]} 14. Bxe4 {[%clk 0:37:45]} Qxd1
{[%clk 0:22:29]} 15. Bxc6+ {[%clk 0:28:55]} Qd7 {[%clk 0:20:02]} 16. Bxd7+ {[%clk
0:29:18]} Kxd7 {[%clk 0:20:28]} 17. Rd1+ {[%clk 0:28:36]} Ke8 {[%clk 0:19:55]}
18. Be3 {[%clk 0:24:20]} b6 {[%clk 0:17:48]} 19. Rac1 {[%clk 0:21:16]} Rd8 {[%clk
0:16:32]} 20. Rxd8+ {[%clk 0:13:53]} Bxd8 {[%clk 0:14:44]} 21. Rc8 {[%clk
0:13:52]} Rf8 {[%clk 0:14:00]} 22. Ra8 {[%clk 0:13:13]} Rf7 {[%clk 0:13:13]} 23.
Bg5 {[%clk 0:12:19]} Rd7 {[%clk 0:13:21]} 24. Bxd8 {[%clk 0:12:18]} Rxd8 {[%clk
0:13:30]} 25. Rxa7 {[%clk 0:12:45]} Rd2 {[%clk 0:11:50]} 26. b3 {[%clk 0:11:59]}
Rd7 {[%clk 0:12:05]} 27. Rxd7 {[%clk 0:10:18]} Kxd7 {[%clk 0:12:33]} 28. Kf1
{[%clk 0:10:36]} Kd6 {[%clk 0:12:12]} 29. Ke2 {[%clk 0:11:00]} Kc5 {[%clk
0:12:00]} 30. a3 {[%clk 0:10:46]} Kd4 {[%clk 0:12:12]} 31. Kd2 {[%clk 0:10:47]}
Ke4 {[%clk 0:12:21]} 32. a4 {[%clk 0:10:14]} Kd4 {[%clk 0:12:24]} 33. b4 {[%clk
0:10:15]} Kc4 {[%clk 0:12:02]} 34. a5 {[%clk 0:10:41]} bxa5 {[%clk 0:12:43]} 35.
bxa5 {[%clk 0:11:09]} Kb5 {[%clk 0:12:47]} 36. Kd3 {[%clk 0:11:26]} Kxa5 {[%clk
0:13:09]} 37. Kd4 {[%clk 0:11:51]} Kb4 {[%clk 0:13:12]} 38. Ke5 {[%clk 0:12:05]}
Kc4 {[%clk 0:13:27]} 39. Kxe6 {[%clk 0:12:26]} Kd4 {[%clk 0:13:29]} 40. Kf7
{[%clk 0:42:30]} g6 {[%clk 0:43:31]} 41. Kg7 {[%clk 0:42:50]} Ke4 {[%clk
0:43:56]} 42. Kxh7 {[%clk 0:42:52]} g5 {[%clk 0:44:04]} 43. Kg6 {[%clk 0:42:24]}
g4 {[%clk 0:44:23]} 44. Kg5 {[%clk 0:42:49]} Kf3 {[%clk 0:44:43]} 45. Kf5 {[%clk
0:43:10]} 1-0